Statistics for Hearts of Iron 4 country leaders

Click here to take the quiz!

General Stats

  • This quiz has been taken 18 times
  • The average score is 10 of 22

Answer Stats

HintAnswer% Correct
GermanyAdolf Hitler
100%
JapanHirohito
100%
USSRJoseph Stalin
100%
ItalyBenito Mussolini
94%
USAFranklin D. Roosevelt
94%
Communist ChinaMao Zedong
94%
ChinaChiang Kai-Shek
78%
TurkeyMustafa Kemal Atatürk
78%
HungaryMiklós Horthy
67%
BulgariaTsar Boris II
67%
UKStanley Baldwin
56%
FrancePierre Laval
33%
AustraliaJohn Curtin
22%
Xibei San MaMa Bufang
22%
PolandIgnacy Mościcki
17%
South AfricaJ. B. M. Hertzog
11%
NetherlandsHendrikus Colijn
6%
LiberiaEdwin Barclay
0%
UruguayGabriel Terra
0%
PanamaHarmodio Arias Madrid
0%
NorwayJohan Nygaardsvold
0%
SpainNiceto Alcalá-Zamora
0%

Score Distribution

Percentile by Number Answered

Percent of People with Each Score

Your Score History

You have not taken this quiz